000 00713nam a2200217Ia 4500
003 GCL
008 140319s9999 xx 000 0 ara d
040 _aGCL /
_cGCL
082 0 4 _a811.9
_bع ب
100 1 _aعاصم الجندى
245 1 0 _aبدر شاكر السياب شاعر الماساة والحداثة /
_cعاصم الجندى
260 _a[S.N] :
_bدار المسيرة للنشر والتوزيع والطباعة ،
_c1993
300 _a120 ص
490 _aاعلام ادب العرب
_v0
650 0 4 _aالشعر العربى
650 0 4 _aالادب العربى
650 0 4 _aالتراجم
650 0 4 _aالادباء
650 0 4 _aالادباء العرب
942 _2ddc
_cBK
999 _c34728
_d34728